000 00454nam a2200181Ia 4500
003 GCL
008 140319s9999 xx 000 0 eng d
040 _aGCL /
_cGCL
082 0 4 _aCC
_b709.32
_bD A
100 1 _aDRIOTON,ETIENNE
245 1 0 _aART EGYPTIEN /
_cDRIOTON,ETIENNE
260 _a[S.N] :
_bARTS ET METIERS CRAPHIQUES ،
_c1955
300 _a161
650 0 4 _aANCIENT EGYPT
650 0 4 _aHISTORY
650 0 4 _aART- EGYPT
942 _2ddc
_cBK
999 _c13379
_d13379